Sports Quiz

Random Sports or Football Quiz

Packers In The Playoffs Quiz Stats

 Plays Quiz not verified by Sporcle

Challenge
Share
Tweet
Embed
Score 0/82 Timer 10:00
0 Plays Today
Year Answer % Correct
2017 No
100%
2000No
96.4%
2001Yes
96.4%
2002Yes
96.4%
2003Yes
96.4%
2015Yes
96.4%
2016Yes
96.4%
1936Yes
94.5%
1937No
94.5%
1938Yes
94.5%
1939Yes
94.5%
1964No
94.5%
1965Yes
94.5%
1966Yes
94.5%
1967Yes
94.5%
1968No
94.5%
1969No
94.5%
1970No
94.5%
1971No
94.5%
1972Yes
94.5%
1973No
94.5%
1974No
94.5%
1975No
94.5%
1992No
94.5%
1993Yes
94.5%
1994Yes
94.5%
1995Yes
94.5%
1996Yes
94.5%
Year Answer % Correct
1997Yes
94.5%
1998Yes
94.5%
1999No
94.5%
2004Yes
94.5%
2005No
94.5%
2006No
94.5%
2007Yes
94.5%
2008No
94.5%
2009Yes
94.5%
2010Yes
94.5%
2011Yes
94.5%
2012Yes
94.5%
2013Yes
94.5%
2014Yes
94.5%
1940No
92.7%
1941Yes
92.7%
1942No
92.7%
1943No
92.7%
1944Yes
92.7%
1945No
92.7%
1946No
92.7%
1947No
92.7%
1948No
92.7%
1949No
92.7%
1950No
92.7%
1951No
92.7%
1952No
92.7%
1953No
92.7%
Year Answer % Correct
1954No
92.7%
1955No
92.7%
1956No
92.7%
1957No
92.7%
1958No
92.7%
1959No
92.7%
1960Yes
92.7%
1961Yes
92.7%
1962Yes
92.7%
1963No
92.7%
1976No
92.7%
1977No
92.7%
1978No
92.7%
1979No
92.7%
1980No
92.7%
1981No
92.7%
1982Yes
92.7%
1983No
92.7%
1984No
92.7%
1985No
92.7%
1986No
92.7%
1987No
92.7%
1988No
92.7%
1989No
92.7%
1990No
92.7%
1991No
92.7%

You're not logged in!

Compare scores with friends on all Sporcle quizzes.
Join for Free
OR
Log In

You Might Also Like...

Show Comments

Extras

Top Quizzes Today


Score Distribution

Your Account Isn't Verified!

In order to create a playlist on Sporcle, you need to verify the email address you used during registration. Go to your Sporcle Settings to finish the process.

Report this User

Report this user for behavior that violates our Community Guidelines.

Details: